000
00278nam a2200133Ia 4500
100
_a
Rieger H
942
_c
BK
654
_a
current
245
_a
Alternating voltage & current
260
_b
Wiley eastern
_a
New Delhi
_c
1978
300
_a
80
546
_a
ENGLISH
999
_c
23295
_d
23295